Sistema web para control de empleados y gestión de nóminas para la empresa SERNOMI
El presente trabajo tiene como objetivo mostrar el proceso de desarrollo de un software basado en tecnologías web que ayuda a llevar el control de empleados y la gestión de nóminas administradas por la empresa SERNOMI.
| Main Authors: | , |
|---|---|
| Other Authors: | |
| Format: | Tesis Section = Libro |
| Language: | Undetermined Spanish |
| Published: |
Managua
UNI
2022
|
| Subjects: |
| LEADER | 01051nam a2200265Ia 4500 | ||
|---|---|---|---|
| 008 | 240830s9999 xx 000 0 und d | ||
| 040 | |a BIBLIOTECA-RUSB/ Mon 005.1 C352 | ||
| 041 | |a spa | ||
| 082 | |a Mon 005.1 C352 | ||
| 100 | 1 | |a Castillo Morales, Fátima Itzayana | |
| 100 | 1 | |b Sáenz Montano, Marcela del Pilar | |
| 245 | 1 | 0 | |a Sistema web para control de empleados y gestión de nóminas para la empresa SERNOMI |
| 260 | |a Managua |b UNI |c 2022 | ||
| 300 | |a 191 p. :il. | ||
| 500 | |a Contiene: anexos y CD. | ||
| 502 | |a Tesis (Ingeniero en Computación) - UNI, 2022. | ||
| 520 | 3 | |a El presente trabajo tiene como objetivo mostrar el proceso de desarrollo de un software basado en tecnologías web que ayuda a llevar el control de empleados y la gestión de nóminas administradas por la empresa SERNOMI. | |
| 650 | 7 | |a SISTEMA WEB | |
| 650 | 7 | |b BASES DE DATOS | |
| 650 | 7 | |c DESARROLLO DE SOFTWARE | |
| 650 | 7 | |d GESTION DE NOMINAS. | |
| 700 | 1 | |a Tutor: |b Duarte Mora, Lizzette Carolina | |
| 942 | |c BK |2 ddc | ||
| 991 | |a TESIS | ||
| 999 | |c 27246 | ||